000 00451nam a2200181Ia 4500
999 _c30819
_d30819
003 OSt
005 20250521124506.0
008 250310s9999||||xx |||||||||||||| ||und||
040 _c.
082 _a770.28
_bS756
100 _95872
_aSpillman, Ronald
245 0 _aThe complete photobook /
_cRonald Spillman
250 _aNew ed.
260 _aLondon :
_bFountain press,
_c1969.
300 _a191 p.
650 0 _92991
_aPhotography
942 _cBK
_2ddc